000 00581nam a2200205Ia 4500
005 20250508165429.0
008 008 250505s9999 xx 000 0 eng d
020 _a978-0-415-89831-7
037 _aReference
040 _aFEDL
_beng
_cFEDL
041 _aeng
_2eng
084 _a501, PAT/RR
_qFEDL
100 _aPatton Lydia Ed.
_9617437
245 0 _aPhilosophy, science and history: A guide and reader
260 _aLondon, UK
_bRoutledge
_c2014
300 _axii, 469p.
365 _aGBP
_b46.99
942 _cREF
_h501, PAT/RR
999 _c1395064
_d1395064